000 00387nam a22001697a 4500
005 20160613165318.0
008 160613b xxu||||| |||| 00| 0 eng d
020 _a81-7929-052-2
041 _aeng
082 _b7302
100 _aScholer, Eileen
_91824
245 _aHand book of Communication
260 _bInfuty books
300 _a435
650 _aManagement
_9241
942 _cBK
999 _c2563
_d2562